000 01714nam0a2200301 i 4500
001 RU\NLR\bibl\2013187
005 20260408110639.0
010 _a9785913081728
_9300
021 _aRU
_b2013-13852
_9988
035 _a(NLR Aleph) 002001650
090 _a4367704
_c4367704
100 _a20130319d2012 um y0rusy50 ca
101 0 _arus
102 _aRU
105 _aa||||||||||||
200 1 _aУльяновский военный гарнизонный...
_e(очерки истории филиала N 4 Федерального государственного казенного учреждения "354 Военный клинический госпиталь" Министерства обороны Российской Федерации)
_e[сборник воспоминаний
_fредкол.: Багаев С.С. подполк. медслужбы, пред. и др.]
210 _aУльяновск
_cВектор-С
_d2012
215 _a91, [1] с.
_cил., цв. ил., портр.
_d21
601 0 2 _aПриволжско-Уральский окружной военный клинический госпиталь
_bФилиал
_c354; Екатеринбург, город
_c4; Ульяновск, город
_92181442
_3RU\NLR\AUTH\6601548319
686 1 _aЦ7,6(2Р)6-20
702 1 _aБагаев
_bС.С.
_4340
712 0 2 _aПриволжско-Уральский окружной военный клинический госпиталь
_c354; Екатеринбург
_bФилиал
_c4; Ульяновск
_3RU\NLR\AUTH\8810247285
_9380275
801 0 _aRU
_bNLR
_c20130319
_gRCR
801 1 _aRU
_bNLR
_c20130319
942 _cBOOK
980 _aNBR